[Event "MSR_ch20"]
[Site "?"]
[Date "2024.04.10"]
[Round "7.2"]
[White "Brnusak, Tomas"]
[Black "Turcan, Richard"]
[Result "0-1"]
[BlackElo "2365"]
[WhiteElo "2192"]
[LiveChessVersion "1.4.8"]

1. e4 {[%clk 1:30:55]} c5 {[%clk 1:30:39]} 2. Nc3 {[%clk 1:31:08]} Nc6
{[%clk 1:30:36]} 3. f4 {[%clk 1:31:23]} e6 {[%clk 1:29:21]} 4. Nf3
{[%clk 1:31:38]} d5 {[%clk 1:29:18]} 5. Bb5 {[%clk 1:31:23]} Nge7
{[%clk 1:29:30]} 6. exd5 {[%clk 1:30:59]} exd5 {[%clk 1:29:51]} 7. O-O
{[%clk 1:27:46]} a6 {[%clk 1:22:53]} 8. Bxc6+ {[%clk 1:25:24]} Nxc6
{[%clk 1:23:16]} 9. Re1+ {[%clk 1:24:35]} Be7 {[%clk 1:23:25]} 10. d4
{[%clk 1:20:36]} O-O {[%clk 1:21:19]} 11. dxc5 {[%clk 1:15:29]} Bxc5+
{[%clk 1:19:59]} 12. Kh1 {[%clk 1:15:49]} d4 {[%clk 1:06:20]} 13. Ne4
{[%clk 1:12:06]} Bb4 {[%clk 0:57:53]} 14. Bd2 {[%clk 1:04:04]} Qb6
{[%clk 0:53:48]} 15. c3 {[%clk 0:51:01]} dxc3 {[%clk 0:53:04]} 16. Nxc3
{[%clk 0:51:05]} Qd8 {[%clk 0:39:14]} 17. Qc2 {[%clk 0:43:50]} Bg4
{[%clk 0:35:36]} 18. Ne5 {[%clk 0:40:39]} Nxe5 {[%clk 0:29:13]} 19. fxe5
{[%clk 0:38:01]} Qd7 {[%clk 0:24:30]} 20. Qb3 {[%clk 0:23:15]} Ba5
{[%clk 0:22:52]} 21. Be3 {[%clk 0:21:14]} Rac8 {[%clk 0:21:06]} 22. Rac1
{[%clk 0:20:09]} Rfe8 {[%clk 0:20:12]} 23. Bf4 {[%clk 0:17:08]} Qd4
{[%clk 0:15:39]} 24. Bg3 {[%clk 0:15:16]} b5 {[%clk 0:14:01]} 25. Qa3
{[%clk 0:13:53]} Bxc3 {[%clk 0:13:34]} 26. bxc3 {[%clk 0:14:09]} Qb6
{[%clk 0:12:40]} 27. Qd6 {[%clk 0:13:26]} Qb7 {[%clk 0:12:00]} 28. Qd2
{[%clk 0:10:38]} Red8 {[%clk 0:09:48]} 29. Qg5 {[%clk 0:10:43]} Be6
{[%clk 0:09:44]} 30. Red1 {[%clk 0:07:01]} Bd5 {[%clk 0:08:49]} 31. Bh4
{[%clk 0:07:14]} Rd7 {[%clk 0:05:57]} 32. Qg3 {[%clk 0:07:19]} Kh8
{[%clk 0:06:01]} 33. Bg5 {[%clk 0:05:00]} h6 {[%clk 0:05:36]} 34. Be3
{[%clk 0:04:49]} Bxa2 {[%clk 0:04:46]} 35. Rd6 {[%clk 0:04:43]} Be6
{[%clk 0:03:41]} 36. Rb6 {[%clk 0:03:19]} Rxc3 {[%clk 0:02:59]} 37. Rxb7
{[%clk 0:00:43]} Rxc1+ {[%clk 0:03:23]} 38. Bg1 {[%clk 0:01:09]} Rxb7
{[%clk 0:03:22]} 39. Qa3 {[%clk 0:00:58]} Rc6 {[%clk 0:01:34]} 40. h3
{[%clk 0:00:43]} b4 {[%clk 0:00:39]} 41. Qf3 {[%clk 0:00:58]} Rbc7
{[%clk 0:29:02]} 42. Be3 {[%clk 0:31:08]} b3 {[%clk 0:28:59]} 43. Qh5
{[%clk 0:31:22]} b2 {[%clk 0:28:58]} 0-1

[Event "MSR_ch20"]
[Site "?"]
[Date "2024.04.10"]
[Round "7.3"]
[White "Janik, Marek Tobias"]
[Black "Petrek, Dominik"]
[Result "0-1"]
[BlackElo "2249"]
[WhiteElo "1885"]
[LiveChessVersion "1.4.8"]

1. e4 {[%clk 1:30:57]} e6 {[%clk 1:29:53]} 2. d4 {[%clk 1:31:20]} d5
{[%clk 1:30:20]} 3. exd5 {[%clk 1:31:32]} exd5 {[%clk 1:30:22]} 4. Nf3
{[%clk 1:31:55]} Bd6 {[%clk 1:29:53]} 5. Bd3 {[%clk 1:32:16]} Ne7
{[%clk 1:28:31]} 6. O-O {[%clk 1:32:35]} Bg4 {[%clk 1:27:14]} 7. Re1
{[%clk 1:32:23]} Nbc6 {[%clk 1:24:37]} 8. c3 {[%clk 1:32:37]} Qd7
{[%clk 1:24:02]} 9. Nbd2 {[%clk 1:32:58]} f6 {[%clk 1:24:01]} 10. b4
{[%clk 1:21:38]} O-O {[%clk 1:22:36]} 11. Nf1 {[%clk 1:19:47]} Bf5
{[%clk 1:12:10]} 12. Ng3 {[%clk 1:13:44]} Bxd3 {[%clk 1:09:12]} 13. Qxd3
{[%clk 1:04:57]} Rae8 {[%clk 1:08:23]} 14. Bd2 {[%clk 0:59:12]} Qg4
{[%clk 0:48:31]} 15. Qe2 {[%clk 0:33:32]} Qd7 {[%clk 0:41:02]} 16. Qd3
{[%clk 0:27:38]} Nc8 {[%clk 0:28:19]} 17. Nf5 {[%clk 0:23:14]} N6e7
{[%clk 0:26:33]} 18. N3h4 {[%clk 0:14:45]} Nb6 {[%clk 0:19:45]} 19. Qf3
{[%clk 0:09:20]} Nxf5 {[%clk 0:08:31]} 20. Nxf5 {[%clk 0:09:13]} c6
{[%clk 0:08:00]} 21. Rxe8 {[%clk 0:02:04]} Rxe8 {[%clk 0:07:39]} 22. Re1
{[%clk 0:02:26]} Rxe1+ {[%clk 0:06:23]} 23. Bxe1 {[%clk 0:02:52]} Nc4
{[%clk 0:03:24]} 24. Ne3 {[%clk 0:01:25]} Qe6 {[%clk 0:02:51]} 25. h3
{[%clk 0:00:53]} Bc7 {[%clk 0:02:52]} 26. Kf1 {[%clk 0:01:06]} Nd6
{[%clk 0:02:58]} 27. Qg4 {[%clk 0:00:44]} f5 {[%clk 0:02:46]} 28. Qf4
{[%clk 0:00:50]} g6 {[%clk 0:01:22]} 29. Qe5 {[%clk 0:00:44]} Qf7
{[%clk 0:00:46]} 30. Qf4 {[%clk 0:00:37]} a5 {[%clk 0:00:50]} 31. Qf3
{[%clk 0:00:34]} Qe7 {[%clk 0:00:52]} 32. a3 {[%clk 0:00:46]} Qe6
{[%clk 0:00:43]} 33. Qe2 {[%clk 0:00:38]} Qe4 {[%clk 0:00:40]} 34. Qc2
{[%clk 0:01:02]} Qf4 {[%clk 0:00:47]} 35. Qe2 {[%clk 0:00:33]} Ne4
{[%clk 0:01:12]} 36. Qf3 {[%clk 0:00:56]} Qxf3 {[%clk 0:01:04]} 37. gxf3
{[%clk 0:01:21]} Nd6 {[%clk 0:01:25]} 38. Ke2 {[%clk 0:00:38]} a4
{[%clk 0:01:14]} 39. f4 {[%clk 0:00:36]} Nb5 {[%clk 0:01:28]} 40. Nc2
{[%clk 0:00:45]} Bxf4 {[%clk 0:01:48]} 41. Bd2 {[%clk 0:00:31]} Bc7
{[%clk 0:29:49]} 42. Kd3 {[%clk 0:29:42]} Kf7 {[%clk 0:27:16]} 43. f3
{[%clk 0:25:25]} Nd6 {[%clk 0:22:55]} 44. Bf4 {[%clk 0:24:12]} Ke6
{[%clk 0:20:54]} 45. Ne3 {[%clk 0:22:46]} Nb5 {[%clk 0:16:18]} 46. Bxc7
{[%clk 0:23:00]} Nxc7 {[%clk 0:16:46]} 47. c4 {[%clk 0:23:11]} f4
{[%clk 0:15:15]} 48. Ng2 {[%clk 0:21:56]} g5 {[%clk 0:14:48]} 49. Ne1
{[%clk 0:22:21]} h5 {[%clk 0:12:34]} 50. Kc3 {[%clk 0:21:55]} Kf5
{[%clk 0:11:26]} 0-1

[Event "MSR_ch20"]
[Site "?"]
[Date "2024.04.10"]
[Round "7.4"]
[White "Bochnicka, Vladimir"]
[Black "Paluska, Karol"]
[Result "1-0"]
[BlackElo "2015"]
[WhiteElo "2421"]
[LiveChessVersion "1.4.8"]

1. e4 {[%clk 1:30:52]} g6 {[%clk 1:30:24]} 2. d4 {[%clk 1:31:14]} Bg7
{[%clk 1:30:50]} 3. Nf3 {[%clk 1:30:52]} d6 {[%clk 1:31:12]} 4. Bc4
{[%clk 1:31:01]} Nf6 {[%clk 1:30:25]} 5. Qe2 {[%clk 1:31:20]} c6 {[%clk 1:27:12]}
6. Bb3 {[%clk 1:31:05]} O-O {[%clk 1:23:30]} 7. O-O {[%clk 1:30:18]} Qc7
{[%clk 1:23:53]} 8. h3 {[%clk 1:11:35]} a5 {[%clk 1:11:34]} 9. a4
{[%clk 1:10:33]} e5 {[%clk 1:11:59]} 10. c3 {[%clk 1:09:56]} Na6 {[%clk 1:10:45]}
11. Rd1 {[%clk 1:08:08]} Qe7 {[%clk 1:05:32]} 12. dxe5 {[%clk 1:00:35]} dxe5
{[%clk 1:05:49]} 13. Na3 {[%clk 1:00:25]} Nc5 {[%clk 0:59:40]} 14. Bc2
{[%clk 1:00:30]} b6 {[%clk 0:59:40]} 15. Nd2 {[%clk 0:25:41]} Ba6
{[%clk 0:51:46]} 16. Ndc4 {[%clk 0:24:27]} Rfd8 {[%clk 0:47:42]} 17. Be3
{[%clk 0:23:14]} Bf8 {[%clk 0:44:00]} 18. Qf3 {[%clk 0:22:51]} Qe6
{[%clk 0:29:03]} 19. Nxe5 {[%clk 0:17:55]} Nfxe4 {[%clk 0:18:22]} 20. Bxe4
{[%clk 0:15:29]} Qxe5 {[%clk 0:17:22]} 21. Bxc6 {[%clk 0:15:35]} Rxd1+
{[%clk 0:16:52]} 22. Rxd1 {[%clk 0:15:53]} Rc8 {[%clk 0:17:21]} 23. Bd5
{[%clk 0:14:00]} Ne6 {[%clk 0:16:19]} 24. Nc2 {[%clk 0:11:54]} Bd6
{[%clk 0:16:14]} 25. g3 {[%clk 0:12:05]} Bc5 {[%clk 0:16:01]} 26. Nd4
{[%clk 0:11:13]} Rf8 {[%clk 0:09:42]} 27. Nc6 {[%clk 0:10:06]} Qc7
{[%clk 0:09:42]} 28. Bxc5 {[%clk 0:10:11]} Nxc5 {[%clk 0:09:37]} 29. Qf6
{[%clk 0:08:47]} Re8 {[%clk 0:09:57]} 30. Nd8 {[%clk 0:08:35]} Re7
{[%clk 0:08:50]} 31. Nxf7 {[%clk 0:08:52]} Rxf7 {[%clk 0:08:53]} 32. Bxf7+
{[%clk 0:09:15]} Qxf7 {[%clk 0:09:21]} 33. Rd8+ 1-0

[Event "MSR_ch20"]
[Site "?"]
[Date "2024.04.10"]
[Round "7.5"]
[White "Compel, Daniel"]
[Black "Beres, Tomas"]
[Result "0-1"]
[BlackElo "2149"]
[WhiteElo "2220"]
[LiveChessVersion "1.4.8"]

1. d4 {[%clk 1:30:57]} Nf6 {[%clk 1:29:48]} 2. c4 {[%clk 1:31:22]} e6
{[%clk 1:29:52]} 3. Nf3 {[%clk 1:31:48]} Bb4+ {[%clk 1:29:51]} 4. Bd2
{[%clk 1:32:01]} Qe7 {[%clk 1:29:49]} 5. g3 {[%clk 1:32:07]} Nc6 {[%clk 1:29:47]}
6. Nc3 {[%clk 1:32:10]} Bxc3 {[%clk 1:29:06]} 7. Bxc3 {[%clk 1:32:36]} Ne4
{[%clk 1:29:05]} 8. Rc1 {[%clk 1:32:40]} O-O {[%clk 1:28:37]} 9. Bg2
{[%clk 1:32:48]} d6 {[%clk 1:27:55]} 10. O-O {[%clk 1:32:39]} Nxc3
{[%clk 1:27:34]} 11. Rxc3 {[%clk 1:33:05]} e5 {[%clk 1:26:38]} 12. d5
{[%clk 1:33:31]} Nb8 {[%clk 1:26:41]} 13. c5 {[%clk 1:31:39]} dxc5
{[%clk 1:26:11]} 14. Qc2 {[%clk 1:14:16]} Na6 {[%clk 1:24:58]} 15. Ne1
{[%clk 1:13:04]} Nb4 {[%clk 1:13:59]} 16. Qb3 {[%clk 1:10:48]} a5
{[%clk 1:12:49]} 17. a3 {[%clk 1:10:18]} Na6 {[%clk 1:11:52]} 18. Qc2
{[%clk 1:01:14]} Rb8 {[%clk 1:05:06]} 19. Nd3 {[%clk 0:52:33]} b6
{[%clk 1:03:01]} 20. f4 {[%clk 0:50:35]} exf4 {[%clk 1:01:56]} 21. Rxf4
{[%clk 0:43:06]} Bd7 {[%clk 0:54:19]} 22. e4 {[%clk 0:40:00]} c6 {[%clk 0:47:34]}
23. e5 {[%clk 0:32:46]} cxd5 {[%clk 0:47:27]} 24. Bxd5 {[%clk 0:33:13]} Nc7
{[%clk 0:46:15]} 25. Be4 {[%clk 0:31:34]} h6 {[%clk 0:44:11]} 26. Qd2
{[%clk 0:22:35]} Ne6 {[%clk 0:40:33]} 27. Rh4 {[%clk 0:23:01]} Ng5
{[%clk 0:40:00]} 28. Nf2 {[%clk 0:22:30]} f5 {[%clk 0:38:33]} 29. exf6
{[%clk 0:19:22]} Rxf6 {[%clk 0:37:54]} 30. Bd5+ {[%clk 0:17:32]} Be6
{[%clk 0:33:47]} 31. Ng4 {[%clk 0:12:49]} Rf5 {[%clk 0:32:01]} 32. Bg2
{[%clk 0:12:43]} Rd8 {[%clk 0:28:07]} 33. Rd3 {[%clk 0:12:00]} Rxd3
{[%clk 0:27:03]} 34. Qxd3 {[%clk 0:12:29]} c4 {[%clk 0:25:38]} 35. Qd4
{[%clk 0:11:55]} Qc5 {[%clk 0:20:56]} 36. Ne3 {[%clk 0:11:20]} Re5
{[%clk 0:14:45]} 37. Qxc5 {[%clk 0:10:34]} Rxc5 {[%clk 0:15:14]} 38. Nxc4
{[%clk 0:08:57]} Rxc4 {[%clk 0:15:27]} 0-1

[Event "MSR_ch20"]
[Site "?"]
[Date "2024.04.10"]
[Round "7.6"]
[White "Skreko, Igor"]
[Black "Bulej, Matej"]
[Result "1-0"]
[BlackElo "2067"]
[WhiteElo "2165"]
[LiveChessVersion "1.4.8"]

1. d4 {[%clk 1:30:56]} f5 {[%clk 1:30:52]} 2. c4 {[%clk 1:30:14]} Nf6
{[%clk 1:31:08]} 3. Nf3 {[%clk 1:30:21]} g6 {[%clk 1:31:29]} 4. g3
{[%clk 1:30:40]} Bg7 {[%clk 1:31:53]} 5. Bg2 {[%clk 1:31:07]} O-O
{[%clk 1:32:07]} 6. O-O {[%clk 1:31:31]} d6 {[%clk 1:32:20]} 7. Nc3
{[%clk 1:31:55]} c6 {[%clk 1:32:43]} 8. Rb1 {[%clk 1:23:45]} a5 {[%clk 1:32:13]}
9. b3 {[%clk 1:23:13]} Qc7 {[%clk 1:29:10]} 10. d5 {[%clk 1:21:23]} cxd5
{[%clk 1:06:56]} 11. Nxd5 {[%clk 1:21:39]} Qd8 {[%clk 1:06:45]} 12. Nd4
{[%clk 1:17:48]} Ne4 {[%clk 0:58:57]} 13. Nb5 {[%clk 1:04:28]} Na6
{[%clk 0:57:16]} 14. Bxe4 {[%clk 0:59:11]} fxe4 {[%clk 0:57:37]} 15. Bg5
{[%clk 0:59:34]} Bf6 {[%clk 0:56:56]} 16. Nxf6+ {[%clk 0:59:23]} exf6
{[%clk 0:57:23]} 17. Bh6 {[%clk 0:59:26]} Re8 {[%clk 0:55:16]} 18. Nxd6
{[%clk 0:57:44]} Re6 {[%clk 0:54:42]} 19. Nxc8 {[%clk 0:55:18]} Rxc8
{[%clk 0:54:32]} 20. Qc1 {[%clk 0:52:13]} Rc7 {[%clk 0:49:33]} 21. Rd1
{[%clk 0:48:33]} Rd7 {[%clk 0:49:28]} 22. Rxd7 {[%clk 0:48:15]} Qxd7
{[%clk 0:49:55]} 23. Qc2 {[%clk 0:46:26]} Nc5 {[%clk 0:45:46]} 24. Be3
{[%clk 0:43:55]} b6 {[%clk 0:44:20]} 25. Rd1 {[%clk 0:43:07]} Qc7
{[%clk 0:38:13]} 26. Rd5 {[%clk 0:41:17]} Nb7 {[%clk 0:33:35]} 27. Qd2
{[%clk 0:40:52]} g5 {[%clk 0:32:03]} 28. Rd7 {[%clk 0:40:15]} Qc6
{[%clk 0:31:51]} 29. Bxg5 {[%clk 0:36:52]} Nd6 {[%clk 0:27:58]} 30. Rd8+
{[%clk 0:36:49]} Kf7 {[%clk 0:28:08]} 31. Bf4 {[%clk 0:35:20]} Ne8
{[%clk 0:27:07]} 32. Rd7+ {[%clk 0:31:58]} Re7 {[%clk 0:25:37]} 33. Rxe7+
{[%clk 0:30:43]} Kxe7 {[%clk 0:26:03]} 34. Qd4 {[%clk 0:30:20]} Ng7
{[%clk 0:26:05]} 35. Be3 {[%clk 0:30:04]} 1-0

[Event "MSR_ch20"]
[Site "?"]
[Date "2024.04.10"]
[Round "7.7"]
[White "Salgovic, Simon"]
[Black "Sevcik, Matej"]
[Result "1/2-1/2"]
[BlackElo "2087"]
[WhiteElo "2059"]
[LiveChessVersion "1.4.8"]

1. e4 {[%clk 1:30:46]} e5 {[%clk 1:30:54]} 2. Nf3 {[%clk 1:31:09]} Nc6
{[%clk 1:31:19]} 3. Bb5 {[%clk 1:31:30]} a6 {[%clk 1:31:44]} 4. Ba4
{[%clk 1:31:54]} Nf6 {[%clk 1:31:46]} 5. O-O {[%clk 1:32:10]} Nxe4
{[%clk 1:32:08]} 6. d4 {[%clk 1:32:21]} Be7 {[%clk 1:32:17]} 7. Re1
{[%clk 1:27:21]} b5 {[%clk 1:32:26]} 8. Bb3 {[%clk 1:25:20]} d5 {[%clk 1:32:49]}
9. dxe5 {[%clk 1:24:25]} Be6 {[%clk 1:33:11]} 10. c3 {[%clk 1:21:56]} O-O
{[%clk 1:33:27]} 11. Nbd2 {[%clk 1:20:20]} Nc5 {[%clk 1:33:49]} 12. Bc2
{[%clk 1:19:49]} d4 {[%clk 1:34:13]} 13. cxd4 {[%clk 1:12:52]} Nxd4
{[%clk 1:34:30]} 14. Nxd4 {[%clk 1:11:02]} Qxd4 {[%clk 1:34:53]} 15. Nf3
{[%clk 1:05:17]} Qxd1 {[%clk 1:35:17]} 16. Rxd1 {[%clk 1:05:40]} Rad8
{[%clk 1:35:36]} 1/2-1/2

[Event "MSR_ch20"]
[Site "?"]
[Date "2024.04.10"]
[Round "7.8"]
[White "Bidulsky, Matej"]
[Black "Libich, Simon"]
[Result "0-1"]
[BlackElo "1891"]
[WhiteElo "2041"]
[LiveChessVersion "1.4.8"]

1. e4 {[%clk 1:30:18]} c5 {[%clk 1:30:52]} 2. Nf3 {[%clk 1:30:23]} d6
{[%clk 1:31:13]} 3. d4 {[%clk 1:29:51]} cxd4 {[%clk 1:31:39]} 4. Nxd4
{[%clk 1:30:16]} Nf6 {[%clk 1:32:04]} 5. Nc3 {[%clk 1:30:34]} a6 {[%clk 1:32:29]}
6. Bg5 {[%clk 1:29:43]} e6 {[%clk 1:32:22]} 7. a4 {[%clk 1:29:49]} Be7
{[%clk 1:31:52]} 8. a5 {[%clk 1:29:22]} Qc7 {[%clk 1:30:24]} 9. Nb3
{[%clk 1:29:16]} Nbd7 {[%clk 1:29:37]} 10. Be3 {[%clk 1:29:28]} O-O
{[%clk 1:21:21]} 11. Bd3 {[%clk 1:28:00]} Nc5 {[%clk 1:17:29]} 12. Nxc5
{[%clk 1:28:02]} dxc5 {[%clk 1:17:56]} 13. f4 {[%clk 1:28:02]} c4
{[%clk 1:11:16]} 14. Be2 {[%clk 1:28:26]} Bb4 {[%clk 1:07:45]} 15. Ra4
{[%clk 1:28:47]} Qe7 {[%clk 1:02:38]} 16. O-O {[%clk 1:26:28]} Rd8
{[%clk 0:54:28]} 17. Qxd8+ {[%clk 1:26:47]} Qxd8 {[%clk 0:54:52]} 18. Rxb4
{[%clk 1:27:16]} Qxa5 {[%clk 0:52:39]} 19. Ra4 {[%clk 1:27:23]} Qd8
{[%clk 0:51:19]} 20. Rd1 {[%clk 1:27:50]} Qe8 {[%clk 0:50:57]} 21. Rxc4
{[%clk 1:28:05]} Bd7 {[%clk 0:46:33]} 22. g4 {[%clk 1:27:05]} Bc6
{[%clk 0:35:37]} 23. g5 {[%clk 1:26:22]} Nd7 {[%clk 0:35:59]} 24. Na2
{[%clk 1:26:19]} Bb5 {[%clk 0:20:51]} 25. Rc7 {[%clk 1:26:37]} Bxe2
{[%clk 0:21:15]} 26. Rdxd7 {[%clk 1:26:58]} Rc8 {[%clk 0:21:29]} 27. Rxb7
{[%clk 1:26:12]} Rb8 {[%clk 0:19:13]} 28. Nc3 {[%clk 1:26:11]} Rxb7
{[%clk 0:16:17]} 29. Rxb7 {[%clk 1:26:36]} Qc8 {[%clk 0:16:26]} 30. Rb6
{[%clk 1:25:41]} Bh5 {[%clk 0:15:09]} 31. Na4 {[%clk 1:25:22]} h6
{[%clk 0:14:48]} 32. h4 {[%clk 1:24:51]} Qxc2 {[%clk 0:14:33]} 0-1

[Event "MSR_ch20"]
[Site "?"]
[Date "2024.04.10"]
[Round "7.9"]
[White "Rakovsky, Jakub"]
[Black "Lichvar, Simon"]
[Result "1-0"]
[BlackElo "1302"]
[WhiteElo "2069"]
[LiveChessVersion "1.4.8"]

1. e4 {[%clk 1:30:16]} d5 {[%clk 1:30:06]} 2. exd5 {[%clk 1:30:30]} Nf6
{[%clk 1:30:29]} 3. d4 {[%clk 1:30:14]} Nxd5 {[%clk 1:29:26]} 4. Nf3
{[%clk 1:29:14]} g6 {[%clk 1:27:34]} 5. c4 {[%clk 1:21:13]} Nb6 {[%clk 1:26:37]}
6. Nc3 {[%clk 1:18:44]} Bg7 {[%clk 1:24:39]} 7. c5 {[%clk 1:13:38]} Nd5
{[%clk 1:22:41]} 8. Bc4 {[%clk 1:12:54]} c6 {[%clk 1:21:44]} 9. Qb3
{[%clk 1:11:28]} e6 {[%clk 1:19:09]} 10. Ne4 {[%clk 1:03:02]} O-O
{[%clk 1:16:09]} 11. O-O {[%clk 0:59:19]} Qc7 {[%clk 1:11:59]} 12. Bg5
{[%clk 0:58:04]} Nd7 {[%clk 1:09:39]} 13. Bh4 {[%clk 0:50:48]} Qxh2+ 1-0

[Event "MSR_ch20"]
[Site "?"]
[Date "2024.04.10"]
[Round "7.10"]
[White "Lovcican, Tomas"]
[Black "Zetocha, Adrian"]
[Result "0-1"]
[BlackElo "2134"]
[WhiteElo "2057"]
[LiveChessVersion "1.4.8"]

1. Nc3 {[%clk 1:30:54]} d5 {[%clk 1:28:43]} 2. Nf3 {[%clk 1:31:16]} Nf6
{[%clk 1:28:37]} 3. d4 {[%clk 1:31:18]} Bf5 {[%clk 1:23:26]} 4. Bf4
{[%clk 1:28:58]} c5 {[%clk 1:19:55]} 5. e3 {[%clk 1:28:44]} e6 {[%clk 1:17:46]}
6. Nb5 {[%clk 1:23:17]} Na6 {[%clk 1:17:20]} 7. Be2 {[%clk 1:17:53]} Be7
{[%clk 1:16:10]} 8. O-O {[%clk 1:18:04]} O-O {[%clk 1:09:21]} 9. h3
{[%clk 1:14:42]} Nb4 {[%clk 1:04:54]} 10. c3 {[%clk 1:06:22]} Nc6
{[%clk 1:05:03]} 11. dxc5 {[%clk 1:05:28]} Bxc5 {[%clk 1:04:27]} 12. c4
{[%clk 1:02:52]} Rc8 {[%clk 0:57:30]} 13. Rc1 {[%clk 1:01:35]} Qb6
{[%clk 0:54:49]} 14. cxd5 {[%clk 0:58:41]} Nxd5 {[%clk 0:52:42]} 15. Bd6
{[%clk 0:51:05]} Bxd6 {[%clk 0:48:37]} 16. Nxd6 {[%clk 0:51:21]} Rcd8
{[%clk 0:47:59]} 17. Nxf5 {[%clk 0:50:36]} exf5 {[%clk 0:40:52]} 18. Qb3
{[%clk 0:49:34]} Qxb3 {[%clk 0:38:25]} 19. axb3 {[%clk 0:49:48]} f4
{[%clk 0:37:36]} 20. e4 {[%clk 0:45:57]} Nf6 {[%clk 0:37:47]} 21. Bb5
{[%clk 0:44:40]} Nd4 {[%clk 0:29:52]} 22. Nxd4 {[%clk 0:44:57]} Rxd4
{[%clk 0:30:16]} 23. e5 {[%clk 0:43:51]} Ne4 {[%clk 0:19:27]} 24. Rc7
{[%clk 0:30:08]} a6 {[%clk 0:19:14]} 25. Bd7 {[%clk 0:26:13]} b6 {[%clk 0:13:02]}
26. e6 {[%clk 0:22:37]} fxe6 {[%clk 0:13:17]} 27. Bxe6+ {[%clk 0:23:01]} Kh8
{[%clk 0:13:43]} 28. Rc4 {[%clk 0:22:50]} Rfd8 {[%clk 0:12:37]} 29. b4
{[%clk 0:20:02]} Rxc4 {[%clk 0:08:06]} 30. Bxc4 {[%clk 0:20:24]} Nd2
{[%clk 0:08:33]} 31. Rc1 {[%clk 0:20:03]} Rc8 {[%clk 0:08:55]} 32. b3
{[%clk 0:20:13]} b5 {[%clk 0:09:03]} 33. Rd1 {[%clk 0:19:02]} bxc4
{[%clk 0:08:19]} 34. Rxd2 {[%clk 0:19:21]} cxb3 {[%clk 0:08:29]} 35. Kf1
{[%clk 0:19:15]} g5 {[%clk 0:02:52]} 36. Rb2 {[%clk 0:19:28]} f3 {[%clk 0:01:50]}
37. gxf3 {[%clk 0:15:38]} Rc3 {[%clk 0:02:13]} 38. Kg2 {[%clk 0:15:34]} Kg7
{[%clk 0:02:32]} 39. Kg3 {[%clk 0:14:38]} Kf6 {[%clk 0:02:36]} 40. Rd2
{[%clk 0:13:48]} Ke5 {[%clk 0:00:49]} 41. b5 {[%clk 0:12:10]} a5 {[%clk 0:00:40]}
42. b6 {[%clk 0:12:19]} Rc6 {[%clk 0:00:55]} 0-1